000 02666cam a2200337 4500500
005 20260405003542.0
041 _afre
042 _adc
100 1 0 _aBévière-Boyer, Bénédicte
_eauthor
245 0 0 _aLes perspectives éthiques et juridiques du suivi numérique de santé à vie du patient du XXIème siècle
260 _c2023.
500 _a64
520 _aAlors même que le suivi numérique de santé à vie du patient du XXIème siècle n’est pas explicitement mentionné dans le code de la santé publique, il existe de fait par la mise en place, par les autorités publiques, de l’espace numérique de santé comprenant le dossier médical partagé, et par les entreprises du jumeau numérique, ces moyens suscitant engouement mais aussi perplexité face aux risques majeurs en matière de protection des personnes. Certes, des règles juridiques existent déjà pour protéger les données de santé, mais celles-ci se révèlent insuffisantes pour la sécurisation et la confiance des usagers. Le défi est alors de consolider le régime juridique existant, voire d’envisager un nouveau paradigme juridique plus adapté.
520 _aEven though the digital lifelong monitoring of the health of the 21st century patient is not explicitly mentioned in the public health code, it actually exists through the establishment, both by the public authorities, of the digital health space including the shared medical file and by companies of the digital twin, these means arousing enthusiasm but also perplexity in the face of the major risks in terms of personal protection. Admittedly, legal rules already exist to protect health data, but these are proving insufficient to ensure the security and confidence of users. The challenge is therefore to consolidate the existing legal regime, or even to think of a new, more appropriate legal paradigm.
690 _adonnées en lien avec la qualité de vie
690 _adonnées personnelles de santé
690 _aDossier médical partagé
690 _aEspace numérique de santé
690 _aJumeau numérique
690 _aNumérique
690 _aSuivi de santé
690 _aDigital
690 _aDigital health space
690 _aDigital twin
690 _aHealth monitoring
690 _aPersonal health data
690 _aQuality of life data
690 _aShared medical record
786 0 _nJournal du Droit de la Santé et de l’Assurance - Maladie (JDSAM) | 36 | 1 | 2023-06-09 | p. 45-55 | 2269-9635
856 4 1 _uhttps://droit.cairn.info/revue-journal-du-droit-de-la-sante-et-de-l-assurance-maladie-2023-1-page-45?lang=fr&redirect-ssocas=7080
999 _c2068657
_d2068656